<?xml version="1.0" encoding="UTF-8"?>
<marc:record xmlns:marc="http://www.loc.gov/MARC21/slim">
   <marc:leader>00000nam a2200000 a 4500</marc:leader>
   <marc:datafield ind1="1" ind2=" " tag="100">
      <marc:subfield code="a">Schubarth, Wilfried (Hrsg.)</marc:subfield>
      <marc:subfield code="4">aut</marc:subfield>
      <marc:subfield code="e">Verfasser/-in</marc:subfield>
   </marc:datafield>
   <marc:datafield ind1="1" ind2=" " tag="100">
      <marc:subfield code="a">Hrsg.: Melzer, Wolfgang</marc:subfield>
      <marc:subfield code="4">aut</marc:subfield>
      <marc:subfield code="e">Verfasser/-in</marc:subfield>
   </marc:datafield>
   <marc:datafield ind1=" " ind2=" " tag="653">
      <marc:subfield code="a">Schule</marc:subfield>
   </marc:datafield>
   <marc:datafield ind1=" " ind2=" " tag="653">
      <marc:subfield code="a">Gewalt</marc:subfield>
   </marc:datafield>
   <marc:datafield ind1=" " ind2=" " tag="653">
      <marc:subfield code="a">Rechtsextremismus</marc:subfield>
   </marc:datafield>
   <marc:datafield ind1=" " ind2=" " tag="653">
      <marc:subfield code="a">Gewaltprävention</marc:subfield>
   </marc:datafield>
   <marc:datafield ind1="0" ind2="0" tag="245">
      <marc:subfield code="a">Schule, Gewalt und Rechtsextremismus</marc:subfield>
   </marc:datafield>
   <marc:datafield ind1="0" ind2="0" tag="245">
      <marc:subfield code="c">Wilfried (Hrsg.) Schubarth ; Wolfgang Hrsg.: Melzer</marc:subfield>
   </marc:datafield>
   <marc:datafield ind1=" " ind2="1" tag="264">
      <marc:subfield code="a">Opladen</marc:subfield>
      <marc:subfield code="b">Leske &amp; Budrich</marc:subfield>
      <marc:subfield code="c">1995</marc:subfield>
   </marc:datafield>
   <marc:datafield ind1="1" ind2=" " tag="490">
      <marc:subfield code="a">Schule und Gesellschaft;</marc:subfield>
      <marc:subfield code="v">1</marc:subfield>
   </marc:datafield>
   <marc:datafield ind1=" " ind2=" " tag="250">
      <marc:subfield code="a">2. Aufl.</marc:subfield>
   </marc:datafield>
   <marc:datafield ind1="1" ind2=" " tag="520">
      <marc:subfield code="a">Immer häufiger wird mit der Parole "Die Er-&lt;br/&gt;ziehung hat versagt" der Familie und auch der  Schule (voreilig) Schuld an der Entstehung  von Gewalt und Rechtsextremismus bei Kindern  und Jugendlichen zugeschrieben. Der Verlust  an Autorität stelle die wesentliche Ursachen-&lt;br/&gt;ebene dar, meinen mittlerweile sogar Exponen-&lt;br/&gt;ten der kritischen Sozialwissenschaft; diese  Auffassung findet im konservativen Lager noch  stärkeren Zuspruch mit der Behauptung eines  allgemeinen Werteverfalls und gipfelt in dem  Vorwurf, linke Lehrer hätten rechte Schüler  produziert.&lt;br/&gt;Schul- und Jugendforscher unternehmen in  diesem Buch den Versuch, das Ausmaß und die  Ursachen von Gewalt und Rechtsextremismus in  der Schule zu analysieren. Dabei werden An-&lt;br/&gt;satzpunkte für Präventionsmöglichkeiten ent-&lt;br/&gt;wickelt und konkrete Praxismodelle vorge-&lt;br/&gt;stellt.&lt;br/&gt;  </marc:subfield>
   </marc:datafield>
   <marc:datafield ind1=" " ind2=" " tag="020">
      <marc:subfield code="a">9783810014238</marc:subfield>
      <marc:subfield code="9">9783810014238</marc:subfield>
   </marc:datafield>
   <marc:datafield ind1=" " ind2=" " tag="041">
      <marc:subfield code="a">ger</marc:subfield>
   </marc:datafield>
   <marc:datafield ind1="1" ind2=" " tag="521">
      <marc:subfield code="a">0</marc:subfield>
   </marc:datafield>
   <marc:datafield ind1=" " ind2=" " tag="300">
      <marc:subfield code="a">293 S.</marc:subfield>
   </marc:datafield>
</marc:record>
